[Event "Coimbra Queima das Fitas op"]
[Site "Coimbra"]
[Date "2016.04.25"]
[Round "6"]
[White "Oliveira, Joao Andre Cristova"]
[Black "Martins, Diogo Faria Oliveir"]
[Result "0-1"]
[WhiteElo "1545"]
[BlackElo "1820"]
[PlyCount "56"]
[EventDate "2016.04.22"]
[EventType "swiss"]
[EventRounds "7"]
[EventCountry "POR"]
[SourceTitle "EXT 2018"]
[Source "ChessBase"]
[SourceDate "2017.10.13"]
[SourceVersion "1"]
[SourceVersionDate "2017.10.13"]
[SourceQuality "1"]

1. f4 d5 2. e3 c5 3. b3 Nc6 4. Bb2 Nf6 5. a3 g6 6. Nc3 Bg7 7. Bb5 0-0 8. Nf3 Bd7 9. Bxc6 Bxc6 10. Ne5 Qd6 11. Nxc6 Qxc6 12. 0-0 Ne4 13. Na4 d4 14. d3 Nd6 15. Qf3 Rac8 16. Qxc6 Rxc6 17. Bc1 dxe3 18. Rb1 Nf5 19. Re1 b5 20. Nb2 Re6 21. g4 Nd4 22. Rxe3 Ne2+ 23. Rxe2 Rxe2 24. Kf1 Rxc2 25. Nd1 Rxh2 26. Nf2 Bd4 27. Ne4 Rh1+ 28. Kg2 Rd1 0-1

[Event "Coimbra Queima das Fitas op"]
[Site "Coimbra"]
[Date "2016.04.24"]
[Round "4"]
[White "Oliveira, Joao Andre Cristova"]
[Black "Encarnacao, Filipe Alexandre D"]
[Result "1-0"]
[WhiteElo "1545"]
[BlackElo "1290"]
[PlyCount "49"]
[EventDate "2016.04.22"]
[EventType "swiss"]
[EventRounds "7"]
[EventCountry "POR"]
[SourceTitle "EXT 2018"]
[Source "ChessBase"]
[SourceDate "2017.10.13"]
[SourceVersion "1"]
[SourceVersionDate "2017.10.13"]
[SourceQuality "1"]

1. e4 e5 2. Nf3 Nc6 3. d4 exd4 4. Nxd4 Nf6 5. Bg5 d6 6. Bb5 Bd7 7. 0-0 Be7 8. Re1 0-0 9. Bxc6 bxc6 10. Nc3 Rb8 11. Rb1 h6 12. Bh4 c5 13. Nf5 Bxf5 14. exf5 Re8 15. b3 Qd7 16. g4 h5 17. g5 Ng4 18. h3 Ne5 19. f4 Qxf5 20. fxe5 Qxh3 21. e6 Bxg5 22. exf7+ Kxf7 23. Qd5+ Kf8 24. Rf1+ Ke7 25. Qf7+ 1-0